000 00705nam a2200265Ia 4500
005 20260302114028.0
008 008 260114s9999 xx 000 0 eng d
020 _a9781474269612
037 _aTextbook
040 _aCRL
040 _beng
040 _cCRL
041 _2eng
041 _aeng
084 _qCRL
100 _aVeena R. Howard
_91117547
245 4 _aThe Bloomsbury Research Handbook of Indian Philosophy and Gender
260 _bBloomsbury
260 _bBloomsbury Academic
260 _c2019
650 _aPhilosophy
856 _uhttps://dx.doi.org/10.5040/9781474269612?locatt=label:secondary_bloomsburyCollections
942 _cEBOOK
999 _c1681089
_d1681089